[Event "Novo Mesto op"]
[Site "Novo Mesto"]
[Date "2023.11.01"]
[Round "7"]
[White "Zupancic, Urban"]
[Black "Bedic, Slavko"]
[Result "1-0"]
[WhiteElo "2016"]
[BlackElo "1824"]
[PlyCount "83"]
[EventDate "2023.10.28"]
[EventType "swiss"]
[EventRounds "9"]
[EventCountry "SLO"]
[SourceTitle "CB48_2023"]
[SourceDate "2023.11.29"]
[SourceVersion "1"]
[SourceVersionDate "2023.11.29"]
[SourceQuality "1"]

1. e4 c5 2. Nf3 Nc6 3. d4 cxd4 4. Nxd4 e5 5. Nb5 a6 6. Nd6+ Bxd6 7. Qxd6 Qf6 8. Qd2 Qg6 9. f3 Nge7 10. b3 0-0 11. Ba3 b5 12. Bd6 Re8 13. a4 b4 14. Bxb4 Nxb4 15. Qxb4 d5 16. Nd2 Be6 17. 0-0-0 Rac8 18. Bxa6 Rb8 19. Qd6 dxe4 20. fxe4 Qg5 21. h4 Qe3 22. Bb5 Rec8 23. Qxe7 Bxb3 24. Rh3 Rxc2+ 25. Kb1 Qd4 26. Rxb3 Rxd2 27. Rxd2 Qxd2 28. Qxe5 Qd1+ 29. Ka2 Rc8 30. Rc3 Rd8 31. Rd3 Qc2+ 32. Qb2 Qc7 33. Rxd8+ Qxd8 34. Bc6 h5 35. Bd5 Qxh4 36. a5 Qe1 37. a6 Qa5+ 38. Qa3 Qd2+ 39. Kb3 Qe3+ 40. Kb4 Qb6+ 41. Kc4 Qf6 42. a7 1-0

[Event "Novo Mesto op"]
[Site "Novo Mesto"]
[Date "2023.10.30"]
[Round "4"]
[White "Peric, Bernard"]
[Black "Bedic, Slavko"]
[Result "1-0"]
[WhiteElo "2169"]
[BlackElo "1824"]
[PlyCount "47"]
[EventDate "2023.10.28"]
[EventType "swiss"]
[EventRounds "9"]
[EventCountry "SLO"]
[SourceTitle "CB48_2023"]
[SourceDate "2023.11.29"]
[SourceVersion "1"]
[SourceVersionDate "2023.11.29"]
[SourceQuality "1"]

1. e4 c5 2. c3 d6 3. d4 g6 4. Bc4 cxd4 5. Qxd4 Nf6 6. Nf3 Nc6 7. Qd3 Bg7 8. Bf4 0-0 9. Nbd2 Qb6 10. Bb3 Na5 11. 0-0 Nxb3 12. axb3 Qd8 13. Be3 b6 14. e5 Bf5 15. Qb5 Ng4 16. exd6 Qxd6 17. Nc4 Qc7 18. Bd4 Bd7 19. Qg5 f6 20. Qd5+ e6 21. Qe4 b5 22. Nb6 f5 23. Nxa8 Qd6 24. Qb7 1-0

[Event "SLO-chT3 West"]
[Site "Komenda"]
[Date "2022.12.11"]
[Round "4.2"]
[White "Bedic, Slavko"]
[Black "Lukas Oven, Leonard"]
[Result "1-0"]
[WhiteElo "1840"]
[BlackElo "1500"]
[PlyCount "65"]
[EventDate "2022.12.09"]
[EventType "team-swiss"]
[EventRounds "5"]
[EventCountry "SLO"]
[SourceTitle "EXT 2024"]
[Source "ChessBase"]
[SourceDate "2023.10.10"]
[SourceVersion "1"]
[SourceVersionDate "2023.10.10"]
[SourceQuality "1"]
[WhiteTeam "Stari Trg ob Kolpi"]
[BlackTeam "Izola"]
[WhiteTeamCountry "SLO"]
[BlackTeamCountry "SLO"]

1. d4 d5 2. c4 e6 3. Nc3 Nf6 4. Bg5 Be7 5. e3 0-0 6. Rc1 h6 7. Bh4 b6 8. Nf3 c5 9. cxd5 cxd4 10. Nxd4 Nxd5 11. Bxe7 Nxc3 12. Rxc3 Qxe7 13. Qc2 Bb7 14. f3 Nd7 15. Be2 Qh4+ 16. g3 Qg5 17. 0-0 Rac8 18. Rc1 Rxc3 19. Qxc3 Rc8 20. Qd2 Rxc1+ 21. Qxc1 Nf6 22. Kf2 Qd5 23. Qc7 a6 24. Qxb6 g6 25. Bxa6 Bxa6 26. Qxa6 e5 27. Ne2 Kg7 28. Nc3 Qd2+ 29. Qe2 Qc1 30. Kg2 Nd7 31. Nd1 Qc6 32. Qd2 e4 33. Qc3+ 1-0

[Event "SLO-chT3 West"]
[Site "Komenda"]
[Date "2022.12.09"]
[Round "1.2"]
[White "Bedic, Slavko"]
[Black "Herega, Nejc"]
[Result "0-1"]
[WhiteElo "1840"]
[BlackElo "2164"]
[PlyCount "74"]
[EventDate "2022.12.09"]
[EventType "team-swiss"]
[EventRounds "5"]
[EventCountry "SLO"]
[SourceTitle "EXT 2024"]
[Source "ChessBase"]
[SourceDate "2023.10.10"]
[SourceVersion "1"]
[SourceVersionDate "2023.10.10"]
[SourceQuality "1"]
[WhiteTeam "Stari Trg ob Kolpi"]
[BlackTeam "Nova Gorica"]
[WhiteTeamCountry "SLO"]
[BlackTeamCountry "SLO"]

1. d4 Nf6 2. c4 g6 3. Nc3 d5 4. Nf3 Bg7 5. e3 0-0 6. Qc2 c5 7. Bd2 cxd4 8. Nxd4 e5 9. Nf3 Nc6 10. cxd5 Nxd5 11. a3 Be6 12. Ne4 Rc8 13. Rc1 Bf5 14. Qb1 Qe7 15. Bd3 Rfd8 16. 0-0 Nc7 17. Bc3 Ne6 18. Bc2 Rd7 19. h3 h5 20. Rfd1 Rcd8 21. Rxd7 Rxd7 22. Rd1 Qd8 23. Rxd7 Qxd7 24. Ned2 Bxc2 25. Qxc2 f5 26. Ne1 Qd5 27. e4 fxe4 28. Qxe4 Ne7 29. Nef3 Nd4 30. Qe1 Nef5 31. Ng5 Bh6 32. Nge4 Qc6 33. Qf1 b5 34. Qd3 a6 35. g4 hxg4 36. hxg4 Bxd2 37. Bxd2 Nh4 0-1

[Event "Otocec Krka Terme op"]
[Site "Otocec"]
[Date "2021.07.08"]
[Round "7"]
[White "Bedic, Slavko"]
[Black "Urbanc, Suzana"]
[Result "1-0"]
[WhiteElo "1881"]
[BlackElo "1688"]
[PlyCount "55"]
[EventDate "2021.07.03"]
[EventType "swiss"]
[EventRounds "9"]
[EventCountry "SLO"]
[SourceTitle "CBM 203 Extra"]
[Source "ChessBase"]
[SourceDate "2021.09.30"]
[SourceVersion "1"]
[SourceVersionDate "2021.09.30"]
[SourceQuality "1"]

1. d4 d5 2. Nf3 e6 3. c4 f5 4. Nc3 c6 5. e3 Nf6 6. Bd3 Bd6 7. Qb3 0-0 8. h3 Ne4 9. Bd2 Qe7 10. Rf1 a5 11. Na4 Nxd2 12. Kxd2 Bb4+ 13. Ke2 dxc4 14. Bxc4 b5 15. Bd3 bxa4 16. Qxa4 Ba6 17. Rfc1 Bxd3+ 18. Kxd3 Qb7 19. Rc4 Bd6 20. Qc2 Na6 21. a3 Qb5 22. Kd2 c5 23. Rc1 Rad8 24. Ke1 Rc8 25. Ng5 Rfe8 26. d5 exd5 27. Qxf5 dxc4 28. Qd5+ 1-0

[Event "Otocec Krka Terme op"]
[Site "Otocec"]
[Date "2021.07.07"]
[Round "6"]
[White "Stukelj, Gasper"]
[Black "Bedic, Slavko"]
[Result "1-0"]
[WhiteElo "1872"]
[BlackElo "1881"]
[PlyCount "97"]
[EventDate "2021.07.03"]
[EventType "swiss"]
[EventRounds "9"]
[EventCountry "SLO"]
[SourceTitle "CBM 203 Extra"]
[Source "ChessBase"]
[SourceDate "2021.09.30"]
[SourceVersion "1"]
[SourceVersionDate "2021.09.30"]
[SourceQuality "1"]

1. e4 c5 2. Nc3 Nc6 3. Bb5 a6 4. Bxc6 bxc6 5. f4 d6 6. Nf3 Nf6 7. 0-0 g6 8. d3 Bg7 9. Qe1 0-0 10. f5 gxf5 11. Qh4 f4 12. Bxf4 Ne8 13. Bg5 f6 14. Bh6 Rf7 15. Be3 Bf8 16. e5 Qd7 17. h3 Bg7 18. Qh5 Rf8 19. Ne4 Qf5 20. Qh4 Qg6 21. Kh1 fxe5 22. Qxe7 Bf6 23. Nxf6+ Qxf6 24. Bg5 Qxe7 25. Bxe7 Rf7 26. Bg5 Kg7 27. Nd2 Raa7 28. Ne4 Be6 29. Kg1 Bd5 30. Ng3 Kg6 31. Bd2 c4 32. Ne4 cxd3 33. cxd3 Rxf1+ 34. Kxf1 Rf7+ 35. Ke2 Bxe4 36. dxe4 Nf6 37. Rc1 Rc7 38. Kd3 Kf7 39. g4 h5 40. g5 Nd7 41. Bb4 Ke6 42. Ke3 Nf8 43. Rf1 Nh7 44. h4 d5 45. Rc1 Rc8 46. exd5+ Kxd5 47. Rc5+ Ke6 48. Ke4 Kd7 49. Rxe5 1-0

[Event "SLO-chT3 West"]
[Site "Komenda"]
[Date "2019.12.07"]
[Round "2.3"]
[White "Bedic, Slavko"]
[Black "Beber, Anja"]
[Result "1-0"]
[WhiteElo "1890"]
[BlackElo "1195"]
[PlyCount "105"]
[EventDate "2019.12.06"]
[EventType "team-swiss"]
[EventRounds "5"]
[EventCountry "SLO"]
[SourceTitle "EXT 2024"]
[Source "ChessBase"]
[SourceDate "2023.10.10"]
[SourceVersion "1"]
[SourceVersionDate "2023.10.10"]
[SourceQuality "1"]
[WhiteTeam "Stari Trg ob Kolpi"]
[BlackTeam "Postojna"]
[WhiteTeamCountry "SLO"]
[BlackTeamCountry "SLO"]

1. d4 e6 2. c4 d5 3. Nc3 Nf6 4. Bg5 Nbd7 5. Nf3 b6 6. cxd5 exd5 7. Nxd5 h6 8. Nxf6+ Nxf6 9. Bd2 Bd6 10. e3 0-0 11. Be2 Bb7 12. 0-0 Ne4 13. Be1 Ng5 14. Rc1 Nxf3+ 15. Bxf3 Qh4 16. g3 Bxf3 17. Qxf3 Qe7 18. Rc6 Qe6 19. a3 Qb3 20. Bc3 Rad8 21. e4 f6 22. Qg4 Qb5 23. Qe6+ Kh8 24. Qc4 Qg5 25. f4 Qg6 26. e5 fxe5 27. dxe5 Bc5+ 28. Rxc5 bxc5 29. Qxc5 Qb6 30. Bb4 Rb8 31. Qxb6 axb6 32. Bxf8 Rxf8 33. Rd1 Rc8 34. Rd7 c5 35. Kf2 Kh7 36. Kf3 Rf8 37. Ke4 Kg6 38. g4 b5 39. h4 Rg8 40. h5+ Kh7 41. f5 Rb8 42. f6 b4 43. Kf5 c4 44. axb4 c3 45. bxc3 Rf8 46. Rxg7+ Kh8 47. Rc7 Rg8 48. e6 Rg5+ 49. Kf4 Rxh5 50. gxh5 Kg8 51. Rf7 Kh8 52. e7 Kg8 53. e8Q# 1-0

[Event "Otocec Krka Terme op"]
[Site "Otocec"]
[Date "2018.12.28"]
[Round "8"]
[White "Urbanc, Peter"]
[Black "Bedic, Slavko"]
[Result "1/2-1/2"]
[WhiteElo "2280"]
[BlackElo "1858"]
[PlyCount "82"]
[EventDate "2018.12.25"]
[EventType "swiss"]
[EventRounds "9"]
[EventCountry "SLO"]
[SourceTitle "EXT 2020"]
[Source "ChessBase"]
[SourceDate "2019.10.17"]
[SourceVersion "1"]
[SourceVersionDate "2019.10.17"]
[SourceQuality "1"]

1. d4 d5 2. c4 Nf6 3. Nf3 dxc4 4. e3 e6 5. Bxc4 c5 6. 0-0 Nc6 7. Nc3 Be7 8. dxc5 Bxc5 9. Qxd8+ Kxd8 10. a3 a6 11. b4 Bd6 12. Rd1 Ke7 13. Bb2 b5 14. Bd3 Bb7 15. Ne4 Nxe4 16. Bxe4 f6 17. Rac1 Rac8 18. Rd2 Nd8 19. Rxc8 Bxc8 20. Rc2 Kd7 21. Kf1 Bb7 22. Bxb7 Nxb7 23. Ke2 Rc8 24. Rd2 Ke7 25. Nd4 g6 26. f4 Rc4 27. Rc2 Rxc2+ 28. Nxc2 e5 29. Kf3 Ke6 30. fxe5 Bxe5 31. Bxe5 fxe5 32. e4 Nd6 33. Ne3 h6 34. h3 h5 35. h4 Kd7 36. g3 Ke6 37. Nc2 Nc4 38. Ke2 Kd6 39. Kd3 Ke6 40. Ke2 Kd6 41. Kd3 Ke6 1/2-1/2

[Event "Otocec Krka Terme op"]
[Site "Otocec"]
[Date "2018.12.25"]
[Round "3"]
[White "Bedic, Slavko"]
[Black "Pajek, Tjasa"]
[Result "1-0"]
[WhiteElo "1858"]
[BlackElo "1384"]
[PlyCount "119"]
[EventDate "2018.12.25"]
[EventType "swiss"]
[EventRounds "9"]
[EventCountry "SLO"]
[SourceTitle "EXT 2020"]
[Source "ChessBase"]
[SourceDate "2019.10.17"]
[SourceVersion "1"]
[SourceVersionDate "2019.10.17"]
[SourceQuality "1"]

1. d4 d5 2. Nf3 Nf6 3. c4 e6 4. Nc3 c5 5. Bg5 Be7 6. e3 b6 7. Be2 Bb7 8. dxc5 bxc5 9. cxd5 Nxd5 10. Bb5+ Bc6 11. Qa4 Qb6 12. Nxd5 exd5 13. Bxc6+ Nxc6 14. 0-0 Bxg5 15. Nxg5 0-0 16. Rfd1 Rad8 17. Rac1 Ne5 18. Qc2 Ng6 19. Qxc5 Qxb2 20. Rc2 Qb7 21. Rcd2 Qe7 22. Qxe7 Nxe7 23. e4 Rd6 24. f4 Rfd8 25. Nf3 f6 26. g4 g5 27. f5 h6 28. Kf2 Kf7 29. Ke3 Nc6 30. a3 Na5 31. e5 Nc4+ 32. Kd4 Nxd2 33. e6+ Ke7 34. Nxd2 Ra6 35. Rb1 Rb6 36. Rc1 Rb7 37. Rc6 Rd6 38. Rc5 a6 39. Rc8 Rd8 40. Rc5 Rd6 41. Rc1 Kd8 42. Rc5 Rc7 43. Nb3 Rb7 44. Nd2 Ke7 45. Rc3 Kd8 46. Nb3 Rc7 47. Nc5 Ke8 48. Na4 Rxc3 49. Nxc3 Kd8 50. Nxd5 Ke8 51. Kc5 Rd8 52. Nxf6+ Ke7 53. Nd5+ Ke8 54. f6 Rc8+ 55. Kd6 Rd8+ 56. Ke5 Rb8 57. f7+ Kf8 58. Kf6 Rb7 59. e7+ Rxe7 60. Nxe7 1-0

[Event "Otocec Krka Terme op"]
[Site "Otocec"]
[Date "2018.12.25"]
[Round "2"]
[White "Brinovec, David"]
[Black "Bedic, Slavko"]
[Result "1-0"]
[WhiteElo "2223"]
[BlackElo "1858"]
[PlyCount "67"]
[EventDate "2018.12.25"]
[EventType "swiss"]
[EventRounds "9"]
[EventCountry "SLO"]
[SourceTitle "EXT 2020"]
[Source "ChessBase"]
[SourceDate "2019.10.17"]
[SourceVersion "1"]
[SourceVersionDate "2019.10.17"]
[SourceQuality "1"]

1. e4 c5 2. c3 d6 3. d4 Nf6 4. Bd3 g6 5. Nf3 Bg7 6. 0-0 Bg4 7. h3 Bxf3 8. Qxf3 cxd4 9. cxd4 Nc6 10. Be3 Nd7 11. Bc4 0-0 12. Rd1 Rc8 13. Na3 Nb4 14. Rac1 a6 15. Bb3 Nc6 16. Rc3 b5 17. Rdc1 Na7 18. Rxc8 Nxc8 19. Bd5 Qb6 20. Bxf7+ Kh8 21. Qg4 Qd8 22. Qe6 Ncb6 23. h4 Nf6 24. d5 Nbd7 25. Bd4 Nxe4 26. Bxg7+ Kxg7 27. Qxe4 Rxf7 28. Qd4+ Rf6 29. Nc2 Qf8 30. Ne3 Ne5 31. Rc2 Rf4 32. Qc3 Rxh4 33. g3 Re4 34. f4 1-0

[Event "SLO-chT2 West"]
[Site "Komenda"]
[Date "2018.11.11"]
[Round "3.4"]
[White "Bedic, Slavko"]
[Black "Beletic, Daniel"]
[Result "0-1"]
[WhiteElo "1852"]
[BlackElo "2364"]
[PlyCount "72"]
[EventDate "2018.11.10"]
[EventType "team-tourn"]
[EventRounds "7"]
[EventCountry "SLO"]
[SourceTitle "EXT 2020"]
[Source "ChessBase"]
[SourceDate "2019.10.17"]
[SourceVersion "1"]
[SourceVersionDate "2019.10.17"]
[SourceQuality "1"]
[WhiteTeam "Stari Trg ob Kolpi"]
[BlackTeam "Posocje"]
[WhiteTeamCountry "SLO"]
[BlackTeamCountry "SLO"]

1. d4 d6 2. c4 e5 3. dxe5 dxe5 4. Qxd8+ Kxd8 5. Bd2 Be6 6. e4 Nc6 7. Nc3 Kc8 8. 0-0-0 Nf6 9. h3 Bb4 10. f3 Nh5 11. b3 Ng3 12. Rh2 Rd8 13. Nge2 Nxf1 14. Rxf1 a5 15. Rd1 a4 16. Nxa4 Bxc4 17. Bxb4 Nxb4 18. Rxd8+ Kxd8 19. Nec3 Nxa2+ 20. Kb2 Nxc3 21. Nxc3 Be6 22. Rh1 Ke7 23. h4 Ra6 24. Rb1 h5 25. Kc2 Ra3 26. Rb2 Ra1 27. Rb1 Rxb1 28. Nxb1 f5 29. Nd2 f4 30. Kd3 Kd6 31. Kc3 c5 32. Nf1 b5 33. g3 b4+ 34. Kc2 fxg3 35. Nxg3 g6 36. Nf1 c4 0-1

[Event "SLO-chT3 West"]
[Site "Komenda"]
[Date "2017.12.10"]
[Round "4.4"]
[White "Miceli, Dario Edgardo"]
[Black "Bedic, Slavko"]
[Result "1/2-1/2"]
[WhiteElo "1649"]
[BlackElo "1867"]
[PlyCount "65"]
[EventDate "2017.12.08"]
[EventType "team-swiss"]
[EventRounds "5"]
[EventCountry "SLO"]
[SourceTitle "EXT 2019"]
[Source "ChessBase"]
[SourceDate "2018.10.10"]
[SourceVersion "1"]
[SourceVersionDate "2018.10.10"]
[SourceQuality "1"]
[WhiteTeam "Visnja Gora Sticna"]
[BlackTeam "Kolpi Stari Trg"]
[WhiteTeamCountry "SLO"]
[BlackTeamCountry "SLO"]

1. e4 c5 2. d3 d6 3. g3 g6 4. Bg2 Bg7 5. c3 Nc6 6. h3 Nf6 7. Ne2 Qb6 8. 0-0 Bd7 9. Qc2 e5 10. Be3 0-0 11. Nd2 Ne8 12. b4 Rc8 13. Rab1 Nd4 14. Qd1 Nxe2+ 15. Qxe2 Qc7 16. b5 Be6 17. c4 Qd7 18. Kh2 h6 19. f4 f5 20. Rf2 Nf6 21. Rbf1 fxe4 22. fxe5 dxe5 23. Nxe4 Nxe4 24. Rxf8+ Rxf8 25. Rxf8+ Bxf8 26. Bxe4 Qf7 27. Qb2 Qf1 28. Qg2 Qxg2+ 29. Kxg2 Bf5 30. Kf3 Kg7 31. g4 Bc8 32. Bd5 Kf6 33. Ke4 1/2-1/2

[Event "Otocec Krka Terme op"]
[Site "Otocec"]
[Date "2017.11.04"]
[Round "6"]
[White "Bedic, Slavko"]
[Black "Zupan, Gorazd"]
[Result "1/2-1/2"]
[WhiteElo "1894"]
[BlackElo "1571"]
[PlyCount "134"]
[EventDate "2017.11.02"]
[EventType "swiss"]
[EventRounds "9"]
[EventCountry "SLO"]
[SourceTitle "EXT 2019"]
[Source "ChessBase"]
[SourceDate "2018.10.10"]
[SourceVersion "1"]
[SourceVersionDate "2018.10.10"]
[SourceQuality "1"]

1. d4 d5 2. Nf3 Nf6 3. c4 e6 4. Nc3 Bb4 5. Bd2 0-0 6. e3 c5 7. cxd5 cxd4 8. Nxd4 Nxd5 9. Rc1 a6 10. Be2 Nxc3 11. Bxc3 Bxc3+ 12. Rxc3 e5 13. Nb3 Qg5 14. Bf3 Nc6 15. 0-0 Bf5 16. Nc5 Rab8 17. Qa4 Rfd8 18. Ne4 Bxe4 19. Bxe4 f5 20. Bxc6 bxc6 21. b3 f4 22. exf4 exf4 23. Rf3 Rd2 24. Rxf4 Rxa2 25. Qxa2 Qxf4 26. Qxa6 Rxb3 27. Qc8+ Qf8 28. Qxc6 Rb8 29. Re1 Qf7 30. h3 Rf8 31. Qe6 h6 32. Qxf7+ Rxf7 33. h4 Rf5 34. Re4 Ra5 35. Kh2 Kf7 36. g3 Ra1 37. Re5 Ra2 38. Kg2 Rb2 39. Rc5 Ra2 40. Kf3 Ra4 41. Re5 Kf6 42. Re4 Ra3+ 43. Kg4 Ra5 44. h5 Rg5+ 45. Kh4 Ra5 46. Rf4+ Ke7 47. Kg4 Rg5+ 48. Kh4 Ra5 49. g4 Ra1 50. Rf5 Rh1+ 51. Kg3 Ra1 52. f4 Rg1+ 53. Kh3 Rh1+ 54. Kg2 Ra1 55. g5 hxg5 56. fxg5 Ra2+ 57. Kg3 Ra3+ 58. Kg4 Ra4+ 59. Rf4 Ra6 60. g6 Rf6 61. Rb4 Rf1 62. Re4+ Kd7 63. Re5 Rg1+ 64. Kh3 Rh1+ 65. Kg2 Rh4 66. Rf5 Ke6 67. Ra5 Kf6 1/2-1/2

[Event "Otocec Krka Terme op"]
[Site "Otocec"]
[Date "2017.11.04"]
[Round "7"]
[White "Kobe, Jure"]
[Black "Bedic, Slavko"]
[Result "0-1"]
[WhiteElo "1343"]
[BlackElo "1894"]
[PlyCount "96"]
[EventDate "2017.11.02"]
[EventType "swiss"]
[EventRounds "9"]
[EventCountry "SLO"]
[SourceTitle "EXT 2019"]
[Source "ChessBase"]
[SourceDate "2018.10.10"]
[SourceVersion "1"]
[SourceVersionDate "2018.10.10"]
[SourceQuality "1"]

1. e4 c5 2. Nf3 d6 3. d4 cxd4 4. Nxd4 Nf6 5. Nc3 g6 6. f3 Bg7 7. Be3 0-0 8. Bc4 Nc6 9. Qd2 Bd7 10. 0-0-0 Rc8 11. Bb3 Na5 12. g4 Nc4 13. Bxc4 Rxc4 14. h4 h5 15. Nd5 e5 16. Nxf6+ Bxf6 17. Nb3 hxg4 18. fxg4 Bxg4 19. Rdg1 Bh5 20. Qd5 Qc8 21. Rh2 Qc6 22. Na5 Qxd5 23. exd5 Ra4 24. Nxb7 Be7 25. b3 Rxa2 26. Kb1 Ra6 27. Bd2 Rb8 28. Na5 Rb5 29. Nc6 Bf6 30. Kb2 Rab6 31. Be3 Rb7 32. Rg3 a6 33. Rd2 Bg7 34. Bf2 Rd7 35. c4 Rbb7 36. Na5 Rb8 37. Nc6 Re8 38. c5 f5 39. cxd6 f4 40. Rg1 e4+ 41. Bd4 e3 42. Rc2 f3 43. Ne7+ Kh7 44. Bxg7 Kxg7 45. Nf5+ Kf6 46. Nxe3 Rxe3 47. Rc7 Rxd6 48. Rc6 Ke5 0-1

[Event "SLO-chT3 West"]
[Site "Otocec"]
[Date "2016.11.26"]
[Round "2"]
[White "Zaloznik, Vesna"]
[Black "Bedic, Slavko"]
[Result "1-0"]
[WhiteElo "1501"]
[BlackElo "1908"]
[PlyCount "113"]
[EventDate "2016.11.25"]
[EventType "team-tourn"]
[EventRounds "5"]
[EventCountry "SLO"]
[SourceTitle "EXT 2022"]
[Source "ChessBase"]
[SourceDate "2021.10.06"]
[SourceVersion "1"]
[SourceVersionDate "2021.10.06"]
[SourceQuality "1"]

1. e4 c5 2. Nc3 d6 3. f4 Nc6 4. Nf3 g6 5. Bc4 Bg7 6. 0-0 Nf6 7. d3 0-0 8. f5 Na5 9. fxg6 hxg6 10. Bb3 Nxb3 11. axb3 Be6 12. Qe1 Nh7 13. Qh4 f6 14. Qg3 Qe8 15. Nh4 Bf7 16. Nd5 Bxd5 17. exd5 g5 18. Nf5 Qf7 19. c4 Kh8 20. Bd2 Rg8 21. Rae1 Rge8 22. Re4 Rad8 23. Rfe1 Bf8 24. Qf3 Rd7 25. Qh3 Rdd8 26. Bc3 Kg8 27. Rxe7 Rxe7 28. Rxe7 Qg6 29. Rxb7 g4 30. Qg3 Qxf5 31. Rxa7 Qg5 32. Qe1 Qf5 33. Qe2 Ng5 34. Qe3 Nh7 35. h3 gxh3 36. gxh3 Qg5+ 37. Qxg5+ fxg5 38. Kf2 Re8 39. Rd7 Re7 40. Rxe7 Bxe7 41. b4 Kf7 42. b5 Bd8 43. b4 Bb6 44. bxc5 dxc5 45. Kf3 Nf6 46. Ke3 Nh5 47. d4 Nf4 48. dxc5 Bxc5+ 49. Bd4 Bd6 50. c5 Bb8 51. b6 Nxd5+ 52. Ke4 Ne7 53. Be5 Nc6 54. Bxb8 Nxb8 55. Kd5 Ke7 56. c6 Na6 57. b7 1-0

[Event "SLO-ch"]
[Site "Otocec"]
[Date "2016.05.01"]
[Round "9"]
[White "Bedic, Slavko"]
[Black "Janzekovic, Klemen Tilen"]
[Result "0-1"]
[WhiteElo "1921"]
[BlackElo "1977"]
[PlyCount "84"]
[EventDate "2016.04.23"]
[EventType "swiss"]
[EventRounds "9"]
[EventCountry "SLO"]
[SourceTitle "CBM 172 Extra"]
[Source "ChessBase"]
[SourceDate "2016.06.21"]
[SourceVersion "1"]
[SourceVersionDate "2016.06.21"]
[SourceQuality "1"]

1. d4 Nf6 2. Nf3 g6 3. c4 Bg7 4. Nc3 0-0 5. e3 d5 6. Qc2 c5 7. Bd2 cxd4 8. Nxd4 e5 9. Nf3 d4 10. Ne4 Nxe4 11. Qxe4 Nc6 12. Qd5 Qe7 13. e4 Nb4 14. Qa5 Nc2+ 15. Kd1 Nxa1 16. Bb4 Qd8 17. Qxd8 Rxd8 18. Bd3 Be6 19. Ng5 Bg4+ 20. f3 h6 21. Nh3 Bxh3 22. gxh3 a5 23. Bd2 Rdc8 24. Ke2 Nc2 25. Bxc2 Rxc4 26. Bd3 Rc5 27. a4 Rac8 28. Rb1 Kh7 29. b3 b6 30. b4 axb4 31. Rxb4 R8c6 32. Bb5 Rd6 33. Kd3 Rf6 34. Ke2 Rc2 35. Bd3 Ra2 36. Bc4 Ra1 37. Be1 Bf8 38. Rb5 Rxa4 39. Bd5 Ra3 40. Bg3 Bc5 41. Bb3 d3+ 42. Kxd3 Rxf3+ 0-1

[Event "SLO-ch"]
[Site "Otocec"]
[Date "2016.04.29"]
[Round "7"]
[White "Bedic, Slavko"]
[Black "Zirkelbach, Maj"]
[Result "0-1"]
[WhiteElo "1921"]
[BlackElo "2152"]
[PlyCount "74"]
[EventDate "2016.04.23"]
[EventType "swiss"]
[EventRounds "9"]
[EventCountry "SLO"]
[SourceTitle "CBM 172 Extra"]
[Source "ChessBase"]
[SourceDate "2016.06.21"]
[SourceVersion "1"]
[SourceVersionDate "2016.06.21"]
[SourceQuality "1"]

1. Nf3 Nf6 2. b3 g6 3. Bb2 Bg7 4. g3 d5 5. Bg2 0-0 6. d3 c5 7. 0-0 Nc6 8. Nbd2 Re8 9. e3 e5 10. e4 d4 11. h3 h6 12. a3 Be6 13. Nc4 Nh7 14. Bc1 Qd7 15. Kh2 b5 16. Ncd2 Rac8 17. Ng1 f5 18. exf5 Bxf5 19. Ne4 Ne7 20. Ne2 g5 21. g4 Bg6 22. N2g3 Nd5 23. Bd2 Nf4 24. b4 c4 25. Nc5 Qc7 26. Bxf4 exf4 27. Bd5+ Kh8 28. Nf5 Bf8 29. Ne6 Qe5 30. dxc4 Bxf5 31. gxf5 Rxe6 32. Bxe6 f3+ 33. Kh1 Bd6 34. Qxd4 Qxd4 35. Rad1 Qh4 36. f6 Nxf6 37. Bxc8 g4 0-1

[Event "SLO-ch"]
[Site "Otocec"]
[Date "2016.04.23"]
[Round "1"]
[White "Bedic, Slavko"]
[Black "Srebrnic, Marko"]
[Result "0-1"]
[WhiteElo "1921"]
[BlackElo "2381"]
[PlyCount "88"]
[EventDate "2016.04.23"]
[EventType "swiss"]
[EventRounds "9"]
[EventCountry "SLO"]
[SourceTitle "CBM 172 Extra"]
[Source "ChessBase"]
[SourceDate "2016.06.21"]
[SourceVersion "1"]
[SourceVersionDate "2016.06.21"]
[SourceQuality "1"]

1. d4 Nf6 2. c4 d6 3. Nf3 g6 4. Nc3 Bf5 5. h3 Ne4 6. Qb3 Nxc3 7. bxc3 Qc8 8. Nd2 Nc6 9. e4 Bd7 10. Bd3 e5 11. d5 Nd8 12. 0-0 Bh6 13. Nf3 Bxc1 14. Raxc1 b6 15. Nh2 0-0 16. f4 f6 17. Qc2 Nb7 18. Qd2 Nc5 19. Bb1 Qe8 20. Rce1 Qe7 21. g4 exf4 22. Qxf4 Qe5 23. Qxe5 fxe5 24. Re3 b5 25. cxb5 Bxb5 26. Rxf8+ Rxf8 27. Nf3 Ba6 28. Nd2 Kg7 29. Bc2 Rb8 30. Bb3 Bd3 31. Bc4 Rb2 32. Bxd3 Rxd2 33. Bc4 a5 34. Kf1 a4 35. Ke1 Rb2 36. Kd1 a3 37. h4 Rh2 38. Be2 Rh1+ 39. Kc2 Rxh4 40. c4 Rh2 41. Kd2 Kf6 42. Rxa3 Nxe4+ 43. Kd1 Kg5 44. Ra7 Nc3+ 0-1

[Event "SLO-chT1 West"]
[Site "Ljubljana"]
[Date "2015.11.29"]
[Round "9"]
[White "Bedic, Slavko"]
[Black "Bajo, Igor"]
[Result "0-1"]
[WhiteElo "1967"]
[BlackElo "1786"]
[PlyCount "54"]
[EventDate "2015.10.16"]
[EventType "team-tourn"]
[EventRounds "9"]
[EventCountry "SLO"]
[SourceTitle "EXT 2019"]
[Source "ChessBase"]
[SourceDate "2018.10.10"]
[SourceVersion "1"]
[SourceVersionDate "2018.10.10"]
[SourceQuality "1"]
[WhiteTeam "Stari Trg op Kolpi"]
[BlackTeam "Kocevje"]
[WhiteTeamCountry "SLO"]
[BlackTeamCountry "SLO"]

1. c4 Nf6 2. g3 d5 3. Bg2 c6 4. b3 Bf5 5. cxd5 cxd5 6. Bb2 e6 7. Nf3 Nc6 8. 0-0 Be7 9. d3 h6 10. Nc3 0-0 11. Rc1 Rc8 12. Nb5 Qa5 13. a4 a6 14. Nfd4 Nxd4 15. Nxd4 Bg6 16. Rc2 Rc7 17. Qb1 Rfc8 18. Rfc1 Rxc2 19. Rxc2 Rxc2 20. Qxc2 Qe1+ 21. Bf1 Ng4 22. e4 dxe4 23. Bc3 exd3 24. Bxe1 dxc2 25. Bd2 Bc5 26. Ne2 Bxf2+ 27. Kg2 Be3 0-1

[Event "SLO-chT1 West"]
[Site "Ljubljana"]
[Date "2015.11.08"]
[Round "6"]
[White "Bedic, Slavko"]
[Black "Orehek, Spela"]
[Result "0-1"]
[WhiteElo "1967"]
[BlackElo "2091"]
[PlyCount "52"]
[EventDate "2015.10.16"]
[EventType "team-tourn"]
[EventRounds "9"]
[EventCountry "SLO"]
[SourceTitle "EXT 2019"]
[Source "ChessBase"]
[SourceDate "2018.10.10"]
[SourceVersion "1"]
[SourceVersionDate "2018.10.10"]
[SourceQuality "1"]
[WhiteTeam "Stari Trg op Kolpi"]
[BlackTeam "Domzale"]
[WhiteTeamCountry "SLO"]
[BlackTeamCountry "SLO"]

1. c4 d6 2. Nc3 e5 3. Nf3 f5 4. d3 Nf6 5. g3 Be7 6. Bg2 0-0 7. c5 e4 8. cxd6 Qxd6 9. dxe4 Qxd1+ 10. Kxd1 Nxe4 11. Be3 Nxc3+ 12. bxc3 Bf6 13. Kc2 Nc6 14. Nd4 Ne5 15. f4 Ng4 16. Bg1 Re8 17. Bf3 c6 18. Re1 Ne3+ 19. Bxe3 Rxe3 20. Rb1 g5 21. Kd2 Bxd4 22. cxd4 Ra3 23. fxg5 Rxa2+ 24. Ke3 Be6 25. Rxb7 Re8 26. Re1 Bc8+ 0-1